000 00844cam a22002651 4500
001 16374
003 BD-RjUL
005 20211209000012.0
008 140213t1954 enka 001 0aeng
035 _a(BD-RjUL)16429
040 _aDLC
_cDLC
_dDLC
_dBD-RjUL
_beng
041 _aeng
082 0 0 _a915.42
_bNOS 1954
100 1 _aNoyce, Wilfrid,
_d1917-1962.
_950618
245 1 0 _aSouth Col :
_b one man's adventure on the ascent of Everest, 1953 /
_cForeword by Sir John Hunt.
260 _aLondon :
_bHeinemann,
_c1954.
300 _a303 p. :
_billus. ;
_c22 cm.
504 _aincludes index,
600 1 0 _aNoyce, Wilfrid,
_d1917-1962.
_950625
650 0 _aMountaineers
_zGreat Britain
_xBiography.
_950620
651 0 _aEverest, Mount (China and Nepal)
_935381
942 _2ddc
_cBK
999 _c16374
_d16374